| 000 | 01234nam a2200337 i 4500 | ||
|---|---|---|---|
| 001 | 200153 | ||
| 003 | ES-MaBCM | ||
| 005 | 20230228070342.0 | ||
| 008 | 151028t2015 sp||||| |||| 00| 0 spa d | ||
| 017 | _aM.27353-2015 (v.I) | ||
| 017 | _aM.27363-2015 (v.II) | ||
| 020 | _a978-84-309-3830-8 (o.c.) | ||
| 020 | _a978-84-309-6653-0 (v.I) | ||
| 020 | _a978-84-309-6654-7 (v.II) | ||
| 021 | _axx | ||
| 035 | _a(OCoLC)927775323 | ||
| 035 | _a(OCoLC)927775323 | ||
| 040 | _cES-MaBCM | ||
| 100 | 1 |
_aBroseta Pont, Manuel _96634 _d1932-1992 |
|
| 245 | 1 | 0 |
_aManual de derecho mercantil _cManuel Broseta Pont ; edición a cargo de Fernando Martínez Sanz |
| 250 |
_a22ª ed. _ba cargo de Fernando Martínez Sanz |
||
| 260 |
_aMadrid : _bTecnos, _c2015 |
||
| 300 |
_a2 v. _c24 cm |
||
| 504 | _aIncluye referencias bibliográficas | ||
| 505 | 0 | _av.I : Introducción y estatuto del empresario, Derecho de la competencia y de la propiedad industrial, Derecho de sociedades (700 p.) | |
| 505 | _av.II: Contratos mercantiles, derecho de los títulos-valores, derecho concursal (690 p.) | ||
| 650 | 2 | 7 |
_aDerecho mercantil _958338 |
| 651 | 4 |
_aEspaña _9115342 |
|
| 700 | 1 |
_929649 _aMartínez Sanz, Fernando |
|
| 942 |
_cBK _2udc |
||
| 999 |
_c200153 _d200153 |
||